000 00498nam a2200121Ia 4500
008 220615s9999||||xx |||||||||||||| ||und||
100 _aSabău, Emilia
245 0 _aChapter Recycling of Polymeric Composite Materials
546 _aEnglish[eng]
650 _awaste, composite materials, glass fibers, polymer matrix, recycled materials
856 _uhttps://library.oapen.org/bitstream/20.500.12657/49285/1/64050.pdf||https://library.oapen.org/bitstream/20.500.12657/49285/1/64050.pdf
942 _cEB
999 _c7678
_d7678